Probabilities, statistiques et sondages (Record no. 522001)

MARC details
000 -LEADER
fixed length control field 00733nam a2200253Ia 4500
003 - CONTROL NUMBER IDENTIFIER
control field OSt
005 - DATE AND TIME OF LATEST TRANSACTION
control field 20220925192359.0
008 - FIXED-LENGTH DATA ELEMENTS--GENERAL INFORMATION
fixed length control field 220923b |||||||| |||| 00| 0 eng d
020 ## - INTERNATIONAL STANDARD BOOK NUMBER
International Standard Book Number 2711721388
037 ## - SOURCE OF ACQUISITION
Terms of availability General Book
040 ## - CATALOGING SOURCE
Original cataloging agency RTL
Transcribing agency RTL
Language of cataloging eng
041 ## - LANGUAGE CODE
Source of code eng
Language code of text/sound track or separate title eng
100 ## - MAIN ENTRY--PERSONAL NAME
Personal name Pupion G
9 (RLIN) 245004
245 #0 - TITLE STATEMENT
Title Probabilities, statistiques et sondages
Remainder of title cours moderne et exercises corriges
260 ## - PUBLICATION, DISTRIBUTION, ETC.
Place of publication, distribution, etc. Boulevard
Name of publisher, distributor, etc. Saint Librairie Vuibert
Date of publication, distribution, etc. 1974
300 ## - PHYSICAL DESCRIPTION
Extent 320P
Dimensions cm.
500 ## - GENERAL NOTE
General note Appendix 295-320
700 ## - ADDED ENTRY--PERSONAL NAME
Personal name Repussard M
9 (RLIN) 245005
942 ## - ADDED ENTRY ELEMENTS (KOHA)
Classification part B281, L4
Koha item type General Books
Source of classification or shelving scheme Colon Classification (CC)

No items available.

Copyright @ Delhi University Library System